00365nam a2200133Ia 4500008004100000100002100041245009100062260000900153300001500162504000800177650001100185650001800196773001700214181130s2018 xx 000 0 und d aBlanchet, Vivien aPerforming market categories through visual inscriptions:bthe case of ethical fashion c2018 ap.374-400. dMay aEthics aOrganization  aOrganization